01127cam a2200313 a 450000100090000000300120000900500170002100800410003801000170007902000180009602000150011403500230012903500200015204000470017205000210021908200280024010000430026824501180031125000120042926000660044130000340050750200060054150400660054753800680061365000260068165000370070770000430074485600260078714643776Nust- CAS-E20170602125545.0061122s2007 enka b 001 0 eng  a 2006052528 a9780131274983 a0131274988 a(OCoLC)ocm76821177 a(OCoLC)76821177 aDLCcRCMSdBAKERdBWKUKdBTCTAdYDXCPdDLC00aQA911b.V47 200700a532 VER222bVER-I 20071 aVersteeg, H. K.q(Henk Kaarle),d1955-13aAn introduction to computational fluid dynamics :bthe finite volume method /cH.K. Versteeg and W. Malalasekera. a2nd ed. aHarlow, England ;aNew York :bPearson Education Ltd.,c2007. axii, 503 p. :bill. ;c25 cm. a0 aIncludes bibliographical references (p. [472]-494) and index. iShelf # 1 Row # 2. Shelf # 11, Row # 1, Mechanical & Aerospace. 0aFinite volume method. 0aFluid dynamicsxData processing.1 aMalalasekera, W.q(Weeratunge),d1960- 3Table of Content Only